000 00313nam a22001217a 4500
008 170703b xxu||||| |||| 00| 0 eng d
041 _aeng
080 _a82
100 _a22
101 _agjl
245 _aPRESENTING TECHNICAL IDEAS A GUIDE TO AUDIENCE COMUNiCATION
_cMAMBERT.W.A
942 _2udc
_cBK
999 _c19837
_d19837